000 00768nam a2200229 a 4500
001 000016843
005 20240306073909.0
008 100310s2004 cu c 000 0 spa d
020 _a9590606849
040 _aDO-SdBNP
_bspa
_cBNPHU
082 _a923.27291
_bM378T
100 1 _aToledo Sande, Luis,
_d1950-
_920712
245 1 0 _aCesto de llamas :
_bbiografía de José Martí /
_cLuis Toledo Sande.
260 _aLa Habana :
_bEditorial de Ciencias Sociales,
_c2004.
300 _a221 p. :
_bretr. ;
_c22 cm.
500 _aIncluye índice onomástico
500 _aIncluye datos biográficos del autor.
600 1 0 _aMartí, José,
_d1853-1895
_9645
651 4 _aCuba
_xHistoria
_y1878-1895
_916132
650 4 _aLibertadores
_xAmérica latina
_937295
049 _aBNPD
999 _c16375
_d16375